• 首页
  • 本馆介绍
  • 公告通知
  • 最新文献
  • 馆藏检索
  • 电子资源
  • 读者导购
  • 参考咨询
  • 我的图书馆
  • 登录
  • 详细信息显示
  • 放入我的书架
  • 预约/预借图书
  • 作者相关作品
  • 分类相关作品
  • 丛书相关作品
  • 出版社相关作品

书目信息

  • 表格格式
  • 工作单格式
  • 卡片格式
题名:
瓜分波兰
    
 
作者: 肖-勒费弗 著 ;王静 译
分册:  
出版信息: 北京   中国画报出版社  2018
页数: 320页
开本: 25cm
丛书名: 中画史鉴
单 册:
中图分类: K513.3
科图分类:
主题词: 瓜分波兰--研究
电子资源:
ISBN: 978-7-5146-1627-9
000 01675nam 2200325 450
001 012001006557
005 20140101090336.0
010    @a978-7-5146-1627-9@b精装@dCNY83.00
099    @aCAL 012018103974
100    @a20180718d2018 em y0chiy50 ea
101 1  @achi@ceng
102    @aCN@b110000
105    @aac z 000yy
106    @ar
200 1  @a瓜分波兰@Agua fen bo lan@e不理性共谋、地缘争霸、欧洲革命与民族消亡@f(英) 乔治·肖-勒费弗著@g王静译
210    @a北京@c中国画报出版社@d2018
215    @a320页@c图, 肖像@d25cm
225 0  @a中画史鉴@Azhong hua shi jian@e全景插画版@v008
312    @a英文并列题名取自封面
314    @a乔治·肖-勒费弗 (George Shaw-Lefevre, 1831-1928), 英国自由党政治家, 著名历史学家, 研究波兰史和土耳其史的学者。生于英国巴特西, 毕业于伊顿公学和剑桥大学的三一学院。1868年至1893年, 历任英国贸易部副大臣、内政部副大臣、海军部副大臣、枢密院顾问、劳工首席专员、邮电部大臣、中央布拉德福德议会议员。王静, 毕业于西北师范大学外国语学院英语系, 现就职于甘肃自然能源研究所。
330    @a本书从波兰无政府状态、第一次瓜分波兰 (1772年)、波兰宪法改革、反法联盟、普鲁士背信弃义、俄国入侵波兰、第二次瓜分波兰 (1793年) 等15章节介绍了波兰被瓜分的历史。全书精选百余幅精美功能性插图。
410  0 @12001 @a中画史鉴 (全景插画版)@v008
510 1  @aPartitions of Poland@zeng
517 1  @a不理性共谋、地缘争霸、欧洲革命与民族消亡@Abu li xing gong mou 、di yuan zheng ba 、ou zhou ge ming yu min zu xiao wang
606 0  @a瓜分波兰@x研究
690    @aK513.3@v5
701  1 @a肖-勒费弗@Axiao -le fei fu@g(Shaw-Lefevre, George),@f1831-1928@4著
702  0 @a王静@Awang jing@4译
801  0 @aCN@b上海新华@c20191020
905    @b1131828-32@dK513.3@e2@f5
    
    瓜分波兰:不理性共谋、地缘争霸、欧洲革命与民族消亡/(英) 乔治·肖-勒费弗著/王静译.-北京:中国画报出版社,2018
    320页:图, 肖像;25cm.-(中画史鉴:全景插画版;008)
    
    
    ISBN 978-7-5146-1627-9(精装):CNY83.00
    本书从波兰无政府状态、第一次瓜分波兰 (1772年)、波兰宪法改革、反法联盟、普鲁士背信弃义、俄国入侵波兰、第二次瓜分波兰 (1793年) 等15章节介绍了波兰被瓜分的历史。全书精选百余幅精美功能性插图。
●
相关链接 在E读中查询图书 在五车中查询图书 在当当中查询图书 在豆瓣中查询图书


正题名:瓜分波兰     索取号:K513.3/2         预约/预借

序号 登录号 条形码 馆藏地/架位号 状态 备注
1 1131828   211318288   第二样本阅览室/ [索取号:K513.3/2] 在馆    
2 1131829   211318297   第二借阅区/ [索取号:K513.3/2] 在馆    
3 1131830   211318304   第二借阅区/ [索取号:K513.3/2] 在馆    
4 1131831   211318313   第二借阅区/ [索取号:K513.3/2] 在馆    
5 1131832   211318322   第二借阅区/ [索取号:K513.3/2] 在馆    
唐山师范学院图书馆 欢迎您!
大连网信软件有限公司© 版权所有